Score 0/10 Timer 01:00
1 Play Today
% Correct
David Copperfield
94.2%
Dracula
93.7%
Das Kapital
93.7%
Don Quixote
92.1%
Death of a Salesman
89.4%
Dear John
84.2%
Doctor Zhivago
83.7%
Death on the Nile
79.7%
Dune
76.8%
Death in Venice
68.9%

Today's Daily Dose

Quick Pick
Seven Wonders

Get the Picture
Big 4 'L' All-Stars

Remove Ads.
Support Sporcle.
Get the best of Sporcle when you Go Orange. This ad-free experience offers more features, more stats, and more fun while also helping to support Sporcle. Thank you for becoming a member.

You're not logged in!

Compare scores with friends on all Sporcle quizzes.
OR
Log In

Sporcle TV

Today on Sporcle TV


Watch our educational content, quiz creation guides, and fun videos on Sporcle TV.

Show Comments

Extras

Top Quizzes Today


Score Distribution

Paid Content

Your Account Isn't Verified!

In order to create a playlist on Sporcle, you need to verify the email address you used during registration. Go to your Sporcle Settings to finish the process.

Report this User

Report this user for behavior that violates our Community Guidelines.

Details: